|
|
|
|
| LEADER |
00000cam a2200000 a 4500 |
| 001 |
vtls009863179 |
| 003 |
SK-MaSNL |
| 005 |
20260301025748.0 |
| 008 |
210928s1975 xr f 000 p cze |
| 035 |
|
|
|a (SVKBBclas03)vtls000247866
|
| 040 |
|
|
|a SNK
|b slo
|c SNK
|e AACR2
|
| 041 |
1 |
|
|a cze
|h slo
|
| 044 |
|
|
|a xr
|c CZ
|
| 080 |
|
|
|a 821.162.4-1
|2 2001
|
| 080 |
|
|
|a 821.162.3-1
|2 2001
|
| 080 |
|
|
|a 76
|2 2001
|
| 245 |
0 |
0 |
|a Soubor grafik a veršů
|b 1945-1975
|
| 250 |
|
|
|a 1. vyd.
|
| 260 |
|
|
|a Praha
|b Svoboda
|c 1975
|
| 300 |
|
|
|a [38] s.
|c 4°
|
| 500 |
|
|
|a Voľné ilustrované listy v obale
|
| 500 |
|
|
|a Niektoré texty básní preložené zo slovenčiny
|
| 648 |
|
7 |
|a 1945-1975
|2 SNKPH
|9 305742
|
| 650 |
0 |
7 |
|a grafika
|2 hŠVKBB
|9 814
|
| 655 |
|
7 |
|a česká poézia
|2 SNKPH
|9 70569
|
| 655 |
|
7 |
|a slovenská poézia
|2 SNKPH
|9 70444
|
| 958 |
|
|
|a OND
|
| 999 |
|
|
|c 573248
|d 575178
|
| 952 |
|
|
|a SNK
|b SNK
|y PREZ
|7 0
|p 17A0920568
|o snkSB 21990
|i snkKIP 3707/75
|0 0
|1 0
|4 0
|d 2014-06-04
|f 1
|l 0
|r 2025-03-26 00:00:00
|w 2026-02-23
|
| 952 |
|
|
|a SNK
|b SNK
|y VYP
|7 0
|p 17A1348902
|o snkSB 21990 D1
|i snkKIP 3708/75
|0 0
|1 0
|4 0
|d 2014-06-04
|l 0
|r 2026-02-23 14:23:24
|w 2026-02-23
|
| 952 |
|
|
|a SNKLM
|b SNKLM
|y NEVYP
|7 0
|o snklmDK 6504 SNKLM
|i snklm2013/137
|8 3
|g 7.27
|0 0
|1 0
|4 0
|d 2014-06-17
|l 0
|r 2026-02-23 14:23:24
|w 2026-02-23
|